[Event "Dov Porath mem"]
[Site "Givatayim ISR"]
[Date "1997.??.??"]
[Round "3"]
[White "Gruenfeld, Yehuda"]
[Black "Rabinovich, Alexander"]
[Result "1/2-1/2"]
[WhiteElo "2495"]
[BlackElo "2350"]
[PlyCount "147"]
[GameId "2129405173663335"]
[EventDate "1997.03.10"]
[EventType "swiss"]
[EventRounds "7"]
[EventCountry "ISR"]
[SourceTitle "EXP 58"]
[Source "ChessBase"]
[SourceDate "1997.07.29"]
[SourceVersion "1"]
[SourceVersionDate "1997.07.29"]
[SourceQuality "1"]

1. e4 e6 2. d4 d5 3. Nd2 Nf6 4. e5 Nfd7 5. c3 c5 6. Bd3 Nc6 7. Ne2 cxd4 8. cxd4 f6 9. exf6 Qxf6 10. Nf3 h6 11. a3 Bd6 12. Bc2 O-O 13. Qd3 Rd8 14. O-O Nf8 15. Nc3 Bd7 16. Re1 Be8 17. Qe3 Rac8 18. h3 Na5 19. Ne5 Bxe5 20. dxe5 Qe7 21. Qe2 Qc7 22. Bd3 a6 23. Bf4 Bg6 24. Rad1 Qf7 25. Bh2 Bxd3 26. Rxd3 Ng6 27. Rf3 Qe8 28. Bg3 Rd7 29. Rd1 Ne7 30. Rfd3 Rdc7 31. f4 Rc4 32. Rf1 Nf5 33. Be1 Nb3 34. Qd1 Nc5 35. Rdf3 d4 36. Qe2 d3 37. Qd1 Nd4 38. R3f2 Ndb3 39. Bd2 Rd8 40. Be3 b5 41. Kh2 a5 42. f5 exf5 43. Rxf5 Kh7 44. Qf3 Ne6 45. Rf7 d2 46. Nd5 Nbd4 47. Bxd4 Rxd5 48. Qe4+ Kg8 49. Qxd5 Rxd4 50. Rf8+ Kh7 51. Rxe8 Rxd5 52. Rd1 Nc5 53. Rc8 Ne4 54. e6 Re5 55. Rc6 Kg6 56. g4 Kg5 57. a4 bxa4 58. Rc4 h5 59. gxh5 Kf6 60. Kg2 Kxe6 61. Rxa4 Kf5 62. Rf1+ Kg5 63. Rd4 Kxh5 64. Rf4 g5 65. Rf8 g4 66. Rh8+ Kg5 67. h4+ Kf4 68. Rd3 Rb5 69. Rf8+ Ke5 70. Re8+ Kf5 71. Rf8+ Ke5 72. Re8+ Kf5 73. Rf8+ Ke5 74. Re8+ 1/2-1/2

[Event "Dov Porath mem"]
[Site "Givatayim ISR"]
[Date "1997.??.??"]
[Round "4"]
[White "Rabinovich, Alexander"]
[Black "Gershon, Alik"]
[Result "1-0"]
[WhiteElo "2350"]
[BlackElo "2420"]
[PlyCount "59"]
[GameId "2129405173663351"]
[EventDate "1997.03.10"]
[EventType "swiss"]
[EventRounds "7"]
[EventCountry "ISR"]
[SourceTitle "EXP 58"]
[Source "ChessBase"]
[SourceDate "1997.07.29"]
[SourceVersion "1"]
[SourceVersionDate "1997.07.29"]
[SourceQuality "1"]

1. d4 Nf6 2. c4 c5 3. d5 b5 4. f3 bxc4 5. e4 e6 6. Nc3 exd5 7. e5 d4 8. exf6 Qxf6 9. Qe2+ Qe6 10. Nb5 Na6 11. Qxe6+ fxe6 12. Bxc4 d5 13. Be2 e5 14. Nh3 c4 15. Nf2 Bd7 16. a4 Bc5 17. O-O O-O 18. Bd1 Rae8 19. b3 e4 20. bxc4 e3 21. Nd3 dxc4 22. Nxc5 Bxb5 23. Ba3 Rf5 24. Ne4 Bd7 25. Re1 Rxe4 26. fxe4 Rf2 27. Bd6 Bc6 28. Bf3 g5 29. Rac1 c3 30. Re2 1-0

[Event "Dov Porath mem"]
[Site "Givatayim ISR"]
[Date "1997.??.??"]
[Round "5"]
[White "Stepak, Yedael"]
[Black "Rabinovich, Alexander"]
[Result "1/2-1/2"]
[WhiteElo "2305"]
[BlackElo "2350"]
[PlyCount "149"]
[GameId "2129405173663362"]
[EventDate "1997.03.10"]
[EventType "swiss"]
[EventRounds "7"]
[EventCountry "ISR"]
[SourceTitle "EXP 58"]
[Source "ChessBase"]
[SourceDate "1997.07.29"]
[SourceVersion "1"]
[SourceVersionDate "1997.07.29"]
[SourceQuality "1"]

1. d4 d5 2. c4 e6 3. Nf3 c6 4. Qc2 Nf6 5. e3 Nbd7 6. Nc3 Bd6 7. Bd3 dxc4 8. Bxc4 Qe7 9. O-O O-O 10. b3 e5 11. Ng5 Nb6 12. Bd3 h6 13. Nf3 exd4 14. exd4 Nbd5 15. Re1 Qc7 16. Nxd5 Nxd5 17. Bd2 Be6 18. Bh7+ Kh8 19. Bf5 Bxf5 20. Qxf5 Rad8 21. g3 Bb4 22. Rad1 a5 23. Re4 Bxd2 24. Rxd2 a4 25. bxa4 Ra8 26. Rc2 Rxa4 27. Ne5 Kg8 28. Nd3 Nf6 29. Rf4 Rfa8 30. Qe5 Nd5 31. Qxc7 Nxc7 32. Nc5 Rxa2 33. Rxa2 Rxa2 34. Nxb7 Ne6 35. Rf3 Nxd4 36. Rd3 Ra4 37. Kg2 g6 38. Rc3 Ra7 39. Nc5 Kg7 40. Rc4 Nf5 41. Nd3 Rc7 42. Ne5 Ne7 43. Kf3 f6 44. Nd3 Kf7 45. Nc5 Ra7 46. h4 Ra3+ 47. Kg2 h5 48. Rc2 Ra8 49. Rc4 Rd8 50. Kf1 Rd6 51. Nb7 Rd5 52. Nc5 Nf5 53. Nb3 Rb5 54. Nc5 Ke7 55. Rc1 Kd6 56. Ne4+ Ke5 57. Re1 Kd4 58. Nxf6 c5 59. Rd1+ Kc3 60. Ne4+ Kc2 61. Rd2+ Kb3 62. Rd5 Kb4 63. Rd1 c4 64. Rb1+ Ka5 65. Rxb5+ Kxb5 66. Ke2 Kb4 67. Kd2 Ne7 68. f3 Nf5 69. Kc2 Nd4+ 70. Kd2 Nxf3+ 71. Ke3 Nh2 72. Kf4 c3 73. Nxc3 Kxc3 74. Kg5 Nf1 75. g4 1/2-1/2

[Event "ISR-Tch"]
[Site "ISR"]
[Date "1997.??.??"]
[Round "1"]
[White "Rabinovich, Alexander"]
[Black "Karpman, Vadim"]
[Result "1/2-1/2"]
[WhiteElo "2350"]
[BlackElo "2365"]
[PlyCount "60"]
[GameId "2129405175596180"]
[EventDate "1997.??.??"]
[EventType "team"]
[EventRounds "7"]
[EventCountry "ISR"]
[SourceTitle "EXP 58"]
[Source "ChessBase"]
[SourceDate "1997.07.29"]
[SourceVersion "1"]
[SourceVersionDate "1997.07.29"]
[SourceQuality "1"]

1. d4 Nf6 2. c4 e6 3. Nc3 Bb4 4. Qc2 O-O 5. a3 Bxc3+ 6. Qxc3 b6 7. Bg5 Bb7 8. e3 d6 9. f3 Nbd7 10. Bd3 c5 11. Ne2 d5 12. cxd5 Nxd5 13. Bxh7+ Kh8 14. Bxd8 Nxc3 15. Nxc3 Kxh7 16. Bh4 cxd4 17. exd4 e5 18. d5 f6 19. O-O Nc5 20. Rad1 Rfd8 21. b4 Nb3 22. Bf2 Rd7 23. Rd3 Ba6 24. b5 Bb7 25. Na4 Nd4 26. Nc3 Bxd5 27. Nxd5 Rxd5 28. Bxd4 exd4 29. Rc1 Rad8 30. Rc4 Rxb5 1/2-1/2

[Event "ISR-Tch"]
[Site "ISR"]
[Date "1997.??.??"]
[Round "3"]
[White "Rabinovich, Alexander"]
[Black "Stisis, Yaacov"]
[Result "1-0"]
[WhiteElo "2350"]
[BlackElo "2375"]
[PlyCount "64"]
[GameId "2129405175604404"]
[EventDate "1997.??.??"]
[EventType "team"]
[EventRounds "7"]
[EventCountry "ISR"]
[SourceTitle "EXP 58"]
[Source "ChessBase"]
[SourceDate "1997.07.29"]
[SourceVersion "1"]
[SourceVersionDate "1997.07.29"]
[SourceQuality "1"]

1. d4 Nf6 2. c4 c5 3. d5 a6 4. a4 e5 5. Nc3 d6 6. e4 Be7 7. g3 O-O 8. Bg2 Ne8 9. Nge2 Bg5 10. f4 exf4 11. gxf4 Bh4+ 12. Ng3 f5 13. O-O fxe4 14. Ngxe4 h6 15. Bd2 Nf6 16. f5 Nxe4 17. Nxe4 Rxf5 18. Rxf5 Bxf5 19. Qh5 Bxe4 20. Bxe4 Nd7 21. Bxh6 Bf6 22. Qg6 Nf8 23. Qg2 Qb6 24. Bf4 Re8 25. Re1 Re7 26. b3 Rf7 27. Qg3 Qb4 28. Re2 b5 29. Bxd6 bxc4 30. Bxf8 cxb3 31. Bd6 Qc4 32. Qg4 g6 1-0

[Event "EUR-ch U18"]
[Site "Rimavska Sobota SVK"]
[Date "1996.??.??"]
[Round "9"]
[White "Rabinovich, Alexander"]
[Black "Kobalija, Mihail"]
[Result "0-1"]
[WhiteElo "2295"]
[BlackElo "2495"]
[PlyCount "92"]
[GameId "2129405180293505"]
[EventDate "1996.??.??"]
[EventType "swiss"]
[EventRounds "9"]
[EventCountry "SVK"]

1. d4 f5 2. Nc3 Nf6 3. Bg5 d5 4. Bxf6 exf6 5. e3 Be6 6. Bd3 Qd7 7. Qf3 Nc6 8. a3 O-O-O 9. O-O-O Kb8 10. Nge2 Ne7 11. Kb1 Nc8 12. g3 h5 13. h4 g6 14. Qg2 Bf7 15. Rde1 Re8 16. Nc1 Bh6 17. Nb3 c6 18. Nc5 Qd8 19. b4 Nd6 20. Ka1 Ka8 21. Rb1 Bf8 22. Nb3 Qc7 23. Rb2 Rc8 24. Rhb1 Be7 25. Qh1 Rhd8 26. Qe1 Ne4 27. Nxe4 fxe4 28. Be2 g5 29. hxg5 fxg5 30. Rc1 h4 31. gxh4 gxh4 32. c4 Rh8 33. c5 h3 34. a4 h2 35. Qh1 Bh5 36. f4 exf3 37. Bd3 Bg4 38. Rcc2 Bg5 39. Rxh2 Rxh2 40. Rxh2 Bxe3 41. Rh7 Qf4 42. Ka2 Bxd4 43. Qh4 Bc3 44. Qe7 Rb8 45. Bb5 f2 46. Rf7 f1=Q 0-1

[Event "Tel Aviv Cup rapid"]
[Site "Tel Aviv ISR"]
[Date "1996.??.??"]
[Round "1"]
[White "Kaspi, Alexander"]
[Black "Rabinovich, Alexander"]
[Result "1-0"]
[WhiteElo "2475"]
[BlackElo "2340"]
[PlyCount "65"]
[GameId "2129405182776329"]
[EventDate "1996.??.??"]
[EventType "k.o."]
[EventRounds "6"]
[EventCountry "ISR"]
[SourceTitle "EXP 59"]
[Source "ChessBase"]
[SourceDate "1997.09.26"]
[SourceVersion "1"]
[SourceVersionDate "1997.09.26"]
[SourceQuality "1"]

1. c4 e6 2. d4 d5 3. Nc3 c5 4. e3 Nf6 5. Nf3 Nc6 6. a3 Be7 7. cxd5 exd5 8. dxc5 Bxc5 9. b4 Bb6 10. Bb2 O-O 11. Na4 Bc7 12. Be2 a6 13. O-O Ne4 14. Rc1 Bg4 15. Nc5 Nxc5 16. Rxc5 Be6 17. Qa1 f6 18. Rd1 Qe7 19. Nd4 Nxd4 20. Bxd4 Bd6 21. Rcc1 a5 22. Qb2 axb4 23. axb4 f5 24. g3 Ra4 25. Bc5 Rfa8 26. Bf3 b6 27. Bxd6 Qxd6 28. Rb1 Rc8 29. Qb3 b5 30. Bxd5 Re8 31. Bxe6+ Qxe6 32. Qxe6+ Rxe6 33. Rd5 1-0

[Event "Tel Aviv Cup rapid"]
[Site "Tel Aviv ISR"]
[Date "1996.??.??"]
[Round "1"]
[White "Rabinovich, Alexander"]
[Black "Kaspi, Alexander"]
[Result "0-1"]
[WhiteElo "2340"]
[BlackElo "2475"]
[PlyCount "58"]
[GameId "2129405182784546"]
[EventDate "1996.??.??"]
[EventType "k.o."]
[EventRounds "6"]
[EventCountry "ISR"]
[SourceTitle "EXP 59"]
[Source "ChessBase"]
[SourceDate "1997.09.26"]
[SourceVersion "1"]
[SourceVersionDate "1997.09.26"]
[SourceQuality "1"]

1. d4 d5 2. c4 e6 3. Nc3 c6 4. e3 f5 5. Bd3 Nf6 6. Nge2 Bd6 7. Qc2 O-O 8. f3 Kh8 9. Bd2 Na6 10. a3 dxc4 11. Bxc4 Nc7 12. O-O-O Qe7 13. e4 fxe4 14. fxe4 e5 15. h3 a5 16. a4 Bd7 17. Qd3 b5 18. axb5 cxb5 19. Nxb5 Nxb5 20. Bxb5 Bxb5 21. Qxb5 Nxe4 22. Be3 exd4 23. Nxd4 Nc3 24. Bg5 Bf4+ 25. Kc2 Bxg5 26. bxc3 Qe4+ 27. Qd3 Qxg2+ 28. Kb1 Rab8+ 29. Nb5 Rf2 0-1

[Event "Antwerp op"]
[Site "Antwerp BEL"]
[Date "1995.??.??"]
[Round "9"]
[White "Rabinovich, Alexander"]
[Black "Van der Vorm, Teun"]
[Result "1/2-1/2"]
[WhiteElo "2255"]
[BlackElo "2405"]
[PlyCount "87"]
[GameId "2129405184237421"]
[EventDate "1995.??.??"]
[EventType "swiss"]
[EventRounds "9"]
[EventCountry "BEL"]
[SourceTitle "EXT 95op"]

1. d4 d5 2. c4 e6 3. Nc3 c6 4. e3 f5 5. Bd3 Nf6 6. Nge2 Bd6 7. f3 O-O 8. Qc2 Kh8 9. Bd2 dxc4 10. Bxc4 e5 11. O-O-O b5 12. Bd3 b4 13. Na4 e4 14. Bc4 Nbd7 15. Kb1 Nb6 16. Nc5 Nfd5 17. Ka1 Qe7 18. fxe4 fxe4 19. Rdf1 Bf5 20. Ba6 Rab8 21. Nc1 Bxc5 22. dxc5 Nd7 23. Nb3 Bg6 24. Bc4 Nc7 25. Rxf8+ Qxf8 26. Be1 Nxc5 27. Bg3 Rc8 28. Rf1 Nxb3+ 29. axb3 Qc5 30. Bxc7 Rxc7 31. Bd5 Qe7 32. Bxe4 Bxe4 33. Qxe4 h6 34. Qg6 c5 35. Rf4 Rc8 36. Rf7 Qe5 37. Rxa7 Rd8 38. Ka2 Rb8 39. Qf7 c4 40. Qxc4 Qxe3 41. Qc7 Rg8 42. g4 Qd4 43. g5 hxg5 44. Ra5 1/2-1/2

[Event "Kfar Sava op"]
[Site "Kfar Sava ISR"]
[Date "1995.??.??"]
[Round "?"]
[White "Gershon, Alik"]
[Black "Rabinovich, Alexander"]
[Result "1-0"]
[WhiteElo "2275"]
[BlackElo "2255"]
[PlyCount "63"]
[GameId "2129405185983241"]
[EventDate "1995.??.??"]
[EventType "swiss"]
[EventRounds "9"]
[EventCountry "ISR"]
[SourceTitle "EXT 2004"]
[Source "ChessBase"]
[SourceDate "2003.11.25"]
[SourceVersion "1"]
[SourceVersionDate "2003.11.25"]
[SourceQuality "1"]

1. e4 c5 2. Nf3 d6 3. d4 cxd4 4. Nxd4 Nf6 5. Nc3 a6 6. Bc4 e6 7. O-O b5 8. Bb3 Be7 9. Qf3 Qc7 10. Qg3 O-O 11. Bh6 Ne8 12. Rad1 Bf6 13. Bg5 Bd7 14. f4 Nc6 15. Bxf6 Nxf6 16. e5 dxe5 17. fxe5 Nh5 18. Qh4 Qxe5 19. Nf3 Qc5+ 20. Kh1 Nf6 21. Ng5 h6 22. Nge4 Nxe4 23. Nxe4 Qa7 24. Rf6 Bc8 25. Rxh6 gxh6 26. Nf6+ Kg7 27. Nh5+ Kh7 28. Qf6 Rg8 29. c3 Rg6 30. Bc2 Kg8 31. Bxg6 fxg6 32. Qxg6+ 1-0

[Event "Kfar Sava op"]
[Site "Kfar Sava ISR"]
[Date "1995.??.??"]
[Round "?"]
[White "Nor, Igor"]
[Black "Rabinovich, Alexander"]
[Result "0-1"]
[WhiteElo "2300"]
[BlackElo "2255"]
[PlyCount "106"]
[GameId "2129405185983248"]
[EventDate "1995.??.??"]
[EventType "swiss"]
[EventRounds "9"]
[EventCountry "ISR"]
[SourceTitle "EXT 2004"]
[Source "ChessBase"]
[SourceDate "2003.11.25"]
[SourceVersion "1"]
[SourceVersionDate "2003.11.25"]
[SourceQuality "1"]

1. Nf3 d5 2. c4 c6 3. g3 Nf6 4. Bg2 Bg4 5. O-O e6 6. b3 Nbd7 7. Bb2 Bd6 8. d3 O-O 9. Nbd2 Qe7 10. h3 Bh5 11. Re1 a5 12. g4 Bg6 13. e4 dxe4 14. dxe4 e5 15. Nh4 Ba3 16. Nf5 Bxf5 17. Bxa3 Qxa3 18. exf5 Rfd8 19. g5 Ne8 20. Qh5 Nc5 21. Ne4 Nd3 22. g6 fxg6 23. fxg6 h6 24. Qf5 Qe7 25. Re3 Nf4 26. Rae1 Qe6 27. Qxe6+ Nxe6 28. Bf1 Nf6 29. Ng3 Nd4 30. Rd3 Re8 31. Bg2 Rad8 32. Kf1 Nd7 33. Ne2 Nc5 34. Rd2 Nce6 35. Nxd4 Nxd4 36. h4 h5 37. Be4 Kf8 38. Kg2 Ne6 39. Rxd8 Rxd8 40. Bf3 Nf4+ 41. Kg3 Re8 42. Rd1 Ke7 43. Rd2 Rf8 44. Be4 Rf6 45. Rb2 Kd6 46. b4 axb4 47. Rxb4 Kc7 48. Ra4 Ne2+ 49. Kh3 Nc3 50. Ra5 Nxe4 51. Rxe5 Nxf2+ 52. Kg2 Kd6 53. Rxh5 Ne4 0-1

[Event "Kfar Sava op"]
[Site "Kfar Sava ISR"]
[Date "1995.??.??"]
[Round "?"]
[White "Rabinovich, Alexander"]
[Black "Gadasi, David"]
[Result "1-0"]
[WhiteElo "2255"]
[BlackElo "2255"]
[PlyCount "78"]
[GameId "2129405185983249"]
[EventDate "1995.??.??"]
[EventType "swiss"]
[EventRounds "9"]
[EventCountry "ISR"]
[SourceTitle "EXT 2004"]
[Source "ChessBase"]
[SourceDate "2003.11.25"]
[SourceVersion "1"]
[SourceVersionDate "2003.11.25"]
[SourceQuality "1"]

1. d4 Nf6 2. c4 g6 3. Nc3 Bg7 4. e4 d6 5. f3 O-O 6. Nge2 Nc6 7. Be3 a6 8. Qd2 Rb8 9. h4 h5 10. Bh6 b5 11. Bxg7 Kxg7 12. cxb5 axb5 13. d5 Ne5 14. Nd4 b4 15. Ncb5 e6 16. Nc6 Nxc6 17. dxc6 Rb6 18. Rc1 Ba6 19. Qxb4 Qa8 20. a4 Rxc6 21. Rc3 Rc8 22. b3 Qb7 23. Kf2 d5 24. e5 Nd7 25. Rxc6 Qxc6 26. Nd4 Qc5 27. Qxc5 Nxc5 28. b4 Bxf1 29. bxc5 Bc4 30. Rb1 Ra8 31. Rb7 Rxa4 32. Rxc7 Kf8 33. c6 Ra5 34. Ke3 Rc5 35. Kf4 Bf1 36. Kg3 Rc4 37. Kf2 Kg8 38. Rc8+ Kg7 39. c7 Bxg2 1-0

[Event "Kfar Sava op"]
[Site "Kfar Sava ISR"]
[Date "1995.??.??"]
[Round "?"]
[White "Rabinovich, Alexander"]
[Black "Shachar, Ehud"]
[Result "0-1"]
[WhiteElo "2255"]
[BlackElo "2370"]
[PlyCount "164"]
[GameId "2129405185983250"]
[EventDate "1995.??.??"]
[EventType "swiss"]
[EventRounds "9"]
[EventCountry "ISR"]
[SourceTitle "EXT 2004"]
[Source "ChessBase"]
[SourceDate "2003.11.25"]
[SourceVersion "1"]
[SourceVersionDate "2003.11.25"]
[SourceQuality "1"]

1. d4 e6 2. Nf3 f5 3. Bg5 Nf6 4. Nbd2 Be7 5. Bxf6 Bxf6 6. e4 O-O 7. Bd3 d6 8. Qe2 Nc6 9. c3 e5 10. d5 Ne7 11. O-O-O c6 12. c4 f4 13. Kb1 Kh8 14. dxc6 Nxc6 15. Nb3 a5 16. Bc2 a4 17. Nc1 a3 18. b3 Bg4 19. Qd3 Qb6 20. Rd2 Bxf3 21. gxf3 Bh4 22. Rf1 Rfd8 23. Ne2 Nb4 24. Qc3 Rac8 25. Nc1 Nc6 26. Nd3 Nd4 27. Nxf4 Bg5 28. Rxd4 exd4 29. Nd5 dxc3 30. Nxb6 Rc7 31. Nd5 Rf7 32. Bd1 Bf4 33. h3 Be5 34. Kc2 Re8 35. Rg1 Re6 36. Nxc3 Rh6 37. Rh1 Rf4 38. Be2 Rfh4 39. Bf1 Rf6 40. Be2 Rfh6 41. Bf1 Bxc3 42. Kxc3 Rg6 43. Kd4 Kg8 44. Ke3 Rf6 45. Rg1 Rhf4 46. Be2 h6 47. Rd1 Rh4 48. Bf1 Rhf4 49. Bg2 Kf7 50. Rd5 Ke6 51. Rb5 Rh4 52. Rxb7 Rg6 53. Bf1 Rg1 54. Ke2 g5 55. b4 Rf4 56. Rh7 Ke5 57. c5 dxc5 58. bxc5 Rf6 59. Rd7 Rc6 60. Rd5+ Ke6 61. h4 gxh4 62. f4 Ke7 63. e5 h3 64. Bxh3 Ra1 65. Rd7+ Kf8 66. Rd2 Rxc5 67. Be6 Ke7 68. Bb3 Rb1 69. Rd6 Rc3 70. Re6+ Kd8 71. Ra6 Rb2+ 72. Kf1 Rf3 73. Rxa3 Rfxf2+ 74. Kg1 Rfd2 75. Bc4 Rg2+ 76. Kh1 Rgc2 77. Bf1 Rf2 78. Kg1 Rxf4 79. Rd3+ Ke7 80. Rd1 Rxa2 81. Re1 Rg4+ 82. Kh1 Rg5 0-1

[Event "Kfar Sava op"]
[Site "Kfar Sava ISR"]
[Date "1995.??.??"]
[Round "?"]
[White "Rabinovich, Alexander"]
[Black "Sorkin, Igor"]
[Result "1/2-1/2"]
[WhiteElo "2255"]
[BlackElo "2265"]
[PlyCount "89"]
[GameId "2129405185983251"]
[EventDate "1995.??.??"]
[EventType "swiss"]
[EventRounds "9"]
[EventCountry "ISR"]
[SourceTitle "EXT 2004"]
[Source "ChessBase"]
[SourceDate "2003.11.25"]
[SourceVersion "1"]
[SourceVersionDate "2003.11.25"]
[SourceQuality "1"]

1. d4 g6 2. e4 Bg7 3. c4 d6 4. Nc3 Nf6 5. f3 c6 6. Bg5 a6 7. a4 a5 8. Qd2 Na6 9. Rd1 Nb4 10. Nge2 Nd7 11. Nc1 Bxd4 12. Nb3 Bg7 13. Be3 b6 14. Be2 Na6 15. f4 Qc7 16. Bf3 Nac5 17. Nxc5 bxc5 18. O-O Rb8 19. Rb1 O-O 20. b3 Rd8 21. Kh1 Ba6 22. Qc2 Nf8 23. Ne2 Qb6 24. h4 Ne6 25. f5 Nd4 26. Nxd4 cxd4 27. Bg5 Re8 28. h5 Qc5 29. hxg6 fxg6 30. Bd2 e5 31. Bg4 gxf5 32. Bxf5 Bc8 33. Qd1 Bxf5 34. exf5 Rf8 35. Qg4 Kh8 36. Rf3 d5 37. Rh3 Qe7 38. cxd5 cxd5 39. Bxa5 e4 40. b4 e3 41. b5 Qe5 42. Rf1 e2 43. Re1 Rbe8 44. Qg6 h6 45. Rxe2 1/2-1/2

[Event "Rishon le Zion YM-IM"]
[Site "Rishon le Zion ISR"]
[Date "1995.??.??"]
[Round "8"]
[White "Rabinovich, Alexander"]
[Black "Stisis, Yaacov"]
[Result "1/2-1/2"]
[WhiteElo "2280"]
[BlackElo "2405"]
[PlyCount "128"]
[GameId "2129405187179639"]
[EventDate "1995.??.??"]
[EventType "tourn"]
[EventRounds "11"]
[EventCountry "ISR"]
[SourceTitle "EXT 96ch2"]

1. d4 Nf6 2. c4 c5 3. d5 a6 4. f3 e5 5. e4 d6 6. Nc3 Be7 7. Be3 Nh5 8. Qd2 O-O 9. Bd3 Nf4 10. Bc2 b5 11. g3 Nh5 12. a4 bxc4 13. a5 Nd7 14. Nge2 Rb8 15. Ra2 g6 16. O-O Ng7 17. Bh6 Kh8 18. Nd1 Nf6 19. Ne3 Ng8 20. Bxg7+ Kxg7 21. Nxc4 Bh3 22. Rf2 f5 23. exf5 Bxf5 24. Nc3 Rb4 25. Bd3 Nh6 26. Bf1 Bc8 27. Ra4 Rxa4 28. Nxa4 Nf5 29. b4 Nd4 30. Bg2 Bd7 31. Nab6 cxb4 32. Qxb4 Bb5 33. Na3 Qc7 34. Nxb5 Nxb5 35. Bf1 Nd4 36. Kg2 Qc1 37. Qc4 Qa3 38. Qd3 Qxa5 39. Qxa6 Qc3 40. Qd3 Qa5 41. Qa6 Qxa6 42. Bxa6 Rb8 43. Rb2 Nf5 44. Kf2 Bd8 45. Nc4 Rxb2+ 46. Nxb2 Bb6+ 47. Ke1 Bg1 48. Nc4 Bc5 49. Bc8 Nd4 50. Kf2 Kf6 51. Kg2 Nc2 52. Kf1 Nb4 53. Bb7 Ke7 54. Na3 Nxd5 55. Bxd5 Bxa3 56. Ke2 Kf6 57. h4 Kf5 58. Kd3 Bc5 59. Ke2 Bd4 60. Kf1 h6 61. Ke2 Bc5 62. Kf1 g5 63. hxg5 hxg5 64. g4+ Kf4 1/2-1/2

[Event "Wch U16"]
[Site "Szeged"]
[Date "1994.??.??"]
[Round "3"]
[White "Rabinovich, Alexander"]
[Black "Ovezov, Artek"]
[Result "1-0"]
[WhiteElo "2255"]
[BlackElo "2300"]
[PlyCount "59"]
[GameId "1166638432071680"]
[EventDate "1994.??.??"]
[EventType "swiss"]
[EventRounds "9"]
[EventCountry "HUN"]
[SourceTitle "TD"]
[Source "ChessBase"]
[SourceVersion "1"]
[SourceVersionDate "1994.03.01"]
[SourceQuality "1"]

1. d4 d5 2. c4 c6 3. Nf3 e6 4. Nc3 Bd6 5. e4 dxe4 6. Nxe4 f5 7. Nxd6+ Qxd6 8. a3 Nf6 9. g3 O-O 10. Bg2 h6 11. O-O Nbd7 12. b4 Rd8 13. Bb2 b6 14. Re1 a5 15. c5 bxc5 16. dxc5 Qc7 17. Qb3 Nf8 18. Nd4 Nd5 19. Rad1 axb4 20. axb4 Rb8 21. Bxd5 cxd5 22. f4 g6 23. Qc3 Ra8 24. Nc6 d4 25. Rxd4 Rxd4 26. Qxd4 Qh7 27. Qf6 Ra7 28. Nxa7 Bb7 29. Rd1 Bd5 30. Nc8 1-0

[Event "Wch U16"]
[Site "Szeged"]
[Date "1994.??.??"]
[Round "7"]
[White "Rabinovich, Alexander"]
[Black "Kasimdzhanov, Rustam"]
[Result "0-1"]
[WhiteElo "2255"]
[BlackElo "2360"]
[PlyCount "84"]
[GameId "1166638432673792"]
[EventDate "1994.??.??"]
[EventType "swiss"]
[EventRounds "9"]
[EventCountry "HUN"]
[SourceTitle "TD"]
[Source "ChessBase"]
[SourceVersion "1"]
[SourceVersionDate "1994.03.01"]
[SourceQuality "1"]

1. e4 c5 2. Nf3 d6 3. Nc3 Nf6 4. d4 cxd4 5. Nxd4 Nc6 6. Bc4 e6 7. O-O Be7 8. Be3 O-O 9. Qe2 a6 10. a4 d5 11. exd5 exd5 12. Bb3 Bb4 13. Nxc6 bxc6 14. Qd3 a5 15. Rfd1 Ba6 16. Qf5 Qc8 17. Qxc8 Rfxc8 18. f3 Rab8 19. Kf2 Nd7 20. Ne2 Bxe2 21. Kxe2 Re8 22. Kf2 Bc5 23. Bxc5 Nxc5 24. Re1 Kf8 25. Rxe8+ Kxe8 26. Ra3 Kd7 27. Ke3 Rb4 28. Kd2 Kd6 29. Kc3 Rh4 30. h3 Rb4 31. Kd2 h5 32. Kc1 h4 33. Kb1 Nxb3 34. cxb3 Ke5 35. Kc2 Kf4 36. Ra1 Kg3 37. Re1 Kxg2 38. Re7 Rf4 39. b4 Rxb4 40. Rxf7 Rxa4 41. Rxg7+ Kxh3 42. b3 Rf4 0-1

[Event "Rishon Le Ziyyon YM-IM"]
[Site "Rishon Le Ziyyon"]
[Date "1995.??.??"]
[Round "1"]
[White "Rabinovich, Alexander"]
[Black "Kundin, Alexander"]
[Result "1/2-1/2"]
[WhiteElo "2280"]
[BlackElo "2205"]
[PlyCount "62"]
[GameId "1166638942978048"]
[EventDate "1995.??.??"]
[EventType "tourn"]
[EventRounds "11"]
[EventCountry "ISR"]
[EventCategory "4"]
[SourceTitle "EXT 1997"]
[Source "ChessBase"]
[SourceDate "1996.11.15"]
[SourceVersion "1"]
[SourceVersionDate "1996.11.15"]
[SourceQuality "1"]

1. d4 d5 2. c4 c6 3. Nc3 Nf6 4. e3 a6 5. b3 b5 6. Bd3 Bg4 7. Nge2 e6 8. f3 Bh5 9. g4 Bg6 10. h4 Nbd7 11. c5 e5 12. Ng3 Qc7 13. f4 Bxd3 14. Qxd3 b4 15. Nd1 Nxg4 16. Rg1 exf4 17. exf4 Ndf6 18. Nf5 g6 19. Qe2+ Kd7 20. Nfe3 Nxe3 21. Bxe3 Bh6 22. Qf3 Rae8 23. Kd2 Nh5 24. Rf1 Re4 25. Nf2 Rxe3 26. Kxe3 Re8+ 27. Kd2 Bxf4+ 28. Kc2 Re3 29. Qd1 Ng3 30. Re1 Rc3+ 31. Kb2 Be3 1/2-1/2

[Event "Rishon Le Ziyyon YM-IM"]
[Site "Rishon Le Ziyyon"]
[Date "1995.??.??"]
[Round "2"]
[White "Blodstein, Boris"]
[Black "Rabinovich, Alexander"]
[Result "1/2-1/2"]
[WhiteElo "2210"]
[BlackElo "2280"]
[PlyCount "94"]
[GameId "1166638942986240"]
[EventDate "1995.??.??"]
[EventType "tourn"]
[EventRounds "11"]
[EventCountry "ISR"]
[EventCategory "4"]
[SourceTitle "EXT 1997"]
[Source "ChessBase"]
[SourceDate "1996.11.15"]
[SourceVersion "1"]
[SourceVersionDate "1996.11.15"]
[SourceQuality "1"]

1. d4 d5 2. c4 c6 3. Nf3 Nf6 4. Nc3 e6 5. cxd5 exd5 6. Qc2 Be7 7. Bg5 O-O 8. e3 Nbd7 9. Bd3 Re8 10. O-O Nf8 11. h3 g6 12. Rab1 a5 13. a3 Ne6 14. Bxf6 Bxf6 15. b4 axb4 16. axb4 Qd6 17. Qb3 Bd8 18. Ra1 Rb8 19. Rfc1 Bc7 20. b5 h5 21. Qa3 Qd8 22. bxc6 bxc6 23. Rab1 Ng5 24. Nxg5 Qxg5 25. Rxb8 Bxb8 26. Kf1 Qf6 27. Kg1 g5 28. Ne2 Kg7 29. Qa8 Bf5 30. Qa6 Bd7 31. Qb7 Qd6 32. Ng3 h4 33. Nf1 Bc7 34. Qa7 f5 35. Rb1 g4 36. hxg4 fxg4 37. Qb7 Re7 38. Rc1 g3 39. f4 Re8 40. Qb3 h3 41. gxh3 Bxh3 42. Qb7 Bd7 43. Rc2 Rb8 44. Qa6 Rb3 45. Rd2 Qb4 46. Qa7 Qb6 47. Qxb6 Bxb6 1/2-1/2

[Event "Rishon Le Ziyyon YM-IM"]
[Site "Rishon Le Ziyyon"]
[Date "1995.??.??"]
[Round "3"]
[White "Rabinovich, Alexander"]
[Black "Tyomkin, Dimitri"]
[Result "0-1"]
[WhiteElo "2280"]
[BlackElo "2320"]
[PlyCount "76"]
[GameId "1166638943023104"]
[EventDate "1995.??.??"]
[EventType "tourn"]
[EventRounds "11"]
[EventCountry "ISR"]
[EventCategory "4"]
[SourceTitle "EXT 1997"]
[Source "ChessBase"]
[SourceDate "1996.11.15"]
[SourceVersion "1"]
[SourceVersionDate "1996.11.15"]
[SourceQuality "1"]

1. d4 d5 2. c4 e6 3. Nc3 c6 4. e4 dxe4 5. Nxe4 Bb4+ 6. Bd2 Qxd4 7. Bxb4 Qxe4+ 8. Ne2 Na6 9. Bf8 Ne7 10. Bxg7 Rg8 11. Qd4 Qxd4 12. Bxd4 Ng6 13. O-O-O e5 14. Bc3 Be6 15. Ng3 f6 16. b3 Nf4 17. Ne4 Ke7 18. g3 Ng6 19. Be2 Rad8 20. h4 Bf5 21. Bf3 Rge8 22. Rhe1 Nf8 23. b4 Ne6 24. b5 cxb5 25. cxb5 Nac5 26. Nxc5 Nxc5 27. Bb4 b6 28. Bc6 Rg8 29. Rxd8 Rxd8 30. Bxc5+ bxc5 31. Rd1 Rd4 32. Rxd4 cxd4 33. Kb2 Kd6 34. f3 Kc5 35. g4 Bd3 36. g5 fxg5 37. hxg5 Bxb5 38. Be4 Bc6 0-1